Normal view
MARC view
Entry Personal Name
001 - CONTROL NUMBER
- control field: 511131
003 - CONTROL NUMBER IDENTIFIER
- control field: OSt
005 - DATE AND TIME OF LATEST TRANSACTION
- control field: 20220928145009.0
008 - FIXED-LENGTH DATA ELEMENTS
- fixed length control field: 220928|| aca||aabn | a|a d
040 ## - CATALOGING SOURCE
- Original cataloging agency: OSt
- Transcribing agency: OSt
100 ## - HEADING--PERSONAL NAME
- Personal name: Burch William R
670 ## - SOURCE DATA FOUND
- Source citation: Work cat.: (OSt)831350: Cheek Neil H 511130, Social organization of leisure in human society., 1976
